00854nam a2200253Ia 4500003000400000005001700004008004100021020001500062040001800077041000800095082001800103100002200121245006200143250001200205260004400217300002700261650004400288650003400332650002800366650002900394942002600423999001900449952013200468OSt20251016124920.0210716s2004 xx 000 0 und d a812970319X cAIMIT LIBRARY aeng a005.758bFUBI aFu, Biao.9242377 aSap bw: bStep by step guide /cBy Biao Fu and Henry, Fu. a1st ed. aNew Delhi :bPearson Education ,c2004. axx,457 p.;bPBc25 cm. aLoading data into the info cube9242378 aChecking data quality9242379 aAdvanced topics9242380 aBusiness content9242381 2ddccBKk005.758 FUBI c186425d186425 001040708MCAaAIMITbAIMITePremier Bookshopg375.00l0o005.758 FUBIpMCA05933r2026-05-23 00:00:00v300.00w2021-07-16yBK